| LEADER 00000nam 2200000uu 4500 |
| 001 212275 |
| 003 ULIBM |
| 008 020711s2561 th a 000 0 tha d |
| 020 978616113192
|
| 041 ^atha
|
| 060 4 WS130 ว363ค 2561
|
| 100 วสุนธรี เสรีสุชาติ
|
| 245 คู่มือการจำแนกอาหาร ขนม นม และเครื่องดื่มตามมาตรฐานโภชนาการ สำหรับเด็กอายุ 3-15 ปี (ฉบับปรับปรุง)/^cวสุนธรี เสรีสุชาติ, วิไลลักษณ์ ศรีสุระ, ณัฎฐิรา ทองบัวศิริไล
|
| 250 พิมพ์ครั้งที่ 4
|
| 260 นนทบุรี :^bสำนักงานกิจการโรงพิมพ์องค์การสงเคราะห์ทหารผ่านศึก,^c2561
|
| 300 75 หน้า :^bภาพประกอบ ;^c30 ซม.
|
| 650 4 เด็ก^xโภชนาการ
|
| 650 4 ^aอาหารเด็ก
|
| 700 0 ^aวิไลลักษณ์ ศรีสุระ
|
| 700 0 ^aณัฎฐิรา ทองบัวศิริไล
|
| 710 2 ^aกรมอนามัย. สำนักโภชนาการ
|
| 856 ^zคู่มือการจำแนกอาหารฯ.pdf (สารบัญหนังสือ)^uhttp://122.155.223.194/ULIB62015//_fulltext/5/212275/20190321163819_1298.pdf |
| 999 ^aใช้งานได้ทุกระบบ
|